| 000 | 00734nam a2200193 a 4500 | ||
|---|---|---|---|
| 001 | 000013327 | ||
| 005 | 20200929163210.0 | ||
| 008 | 091123s2004 dr acg r 000 0 spa d | ||
| 040 |
_aDO-SdBNP _bspa _cBNPHU |
||
| 082 |
_axxxx _bE24a |
||
| 245 | 0 | 0 |
_aEducación artística 8 / _cMaría Soledad Lockart, René Montilla ; ilustraciones Fausto Liriano, Henry Brito ; presentación Alejandrina Germán. |
| 260 |
_aSanto Domingo : _bSecretaría de Estado de Educación, _c2004. |
||
| 300 |
_a260 p. : _bil., retrs., mús ; _c27 cm. |
||
| 700 | 1 |
_aLockart, María Soledad _930521 |
|
| 700 | 1 |
_aMontilla, René _930522 |
|
| 700 | 1 |
_aLiriano, Fausto, _eil. _930523 |
|
| 700 | 1 |
_aBrito, Henry, _eil. _930524 |
|
| 700 | 1 |
_aGermán, Alejandrina _912096 |
|
| 999 |
_c12956 _d12956 |
||